[Event "OBEM Delmenhorst"]
[Site "?"]
[Date "2011.04.17"]
[Round "2"]
[White "JUNG, Gerald"]
[Black "THEURICH, Joel"]
[Result "1-0"]
[WhiteElo "1877"]
[BlackElo "1464"]
[Annotator "Gerald Jung"]
[PlyCount "107"]
[EventDate "2011.??.??"]

{C47: Schottisches Vierspringerspiel} 1. e4 e5 2. Nf3 Nc6 3. Nc3 Nf6 4. Nxe5
Nxe5 5. d4 Nxe4 $146 {Fantastisch, mein junger Gegner lehnt die Annahme des
Halloween-Gambits ab !} (5... Ng6 6. e5 Ng8 7. f4 (7. Bc4 d6 8. Qf3 Qd7 9. O-O
dxe5 10. dxe5 Nxe5 11. Re1 Bd6 12. Bf4 f6 13. Rad1 Qe7 14. Bxe5 Bxe5 15. Bb5+
Kf8 16. Nd5 Qf7 17. Qa3+ Ne7 18. Nxe7 Bd6 19. Rxd6 cxd6 20. Qxd6 Bg4 21. Nc8+
Kg8 {Verhulst,N (1968)-Tavernier,F (1816)/Roux 2009/EXT 2010/1-0}) 7... d5 (
7... d6 8. Bc4 dxe5 9. fxe5 Be6 10. Bxe6 fxe6 11. h4 Qd7 12. Bg5 Be7 13. Be3
Bxh4+ 14. Rxh4 Nxh4 15. Qg4 Nf5 16. Bf2 Nge7 17. O-O-O Nd5 18. Ne4 O-O-O 19.
Nc5 Qc6 20. Rd3 b6 21. Ne4 Nb4 22. Rd2 {Marinescu,M (2258)-Romcovici,V (2230)/
Kishinev 2009/EXT 2010/0-1 (33)}) 8. Qf3 Bb4 9. g3 Bf5 10. Kd1 Bxc3 11. bxc3
Be4 12. Qg4 h5 13. Qh3 Bxh1 14. f5 Bf3+ 15. Be2 Bxe2+ 16. Kxe2 Qd7 17. Bg5 f6
18. e6 Qb5+ 19. Kd2 N6e7 20. Bf4 {Heemskerk,J-Loman,R/The Hague 1890/EXT 2001/
0-1}) (5... Nc6 6. d5 Ne5 7. f4 Bb4 8. fxe5 Nxe4 9. Qg4 Nxc3 10. Qxb4 Nxd5 11.
Qg4 g6 12. Bg5 f6 13. exf6 Nxf6 14. Qe2+ Kf7 15. O-O-O Qe8 16. Qf3 Qe5 17. Bc4+
Kg7 18. h4 Rf8 19. Rde1 Qc5 20. Rhf1 {Kwasnicki,A (1705)-Proczek,M/Polanica
Zdroj 2009/CBM 132 Extra/1-0}) (5... Ng6 $142 $5 {ist zu beachten} 6. e5 Ng8
$17) 6. Nxe4 $11 d5 (6... Ng6 7. Nc3 $11) 7. Ng5 (7. dxe5 $5 dxe4 8. Qxd8+ Kxd8
9. Bc4 $16) 7... Ng4 (7... Nc6 8. c3 $11) 8. h3 Nf6 9. Bd3 h6 10. Nf3 Bd6 11.
O-O O-O 12. c3 Re8 13. Be3 (13. Re1 Ne4 $11) 13... Bd7 14. Nh4 $2 (14. Re1 Qc8
$11 15. Bf1 (15. Ne5 $6 Bxe5 16. dxe5 Rxe5 17. Qf3 Qe8 18. Qg3 Nh5 19. Qh4 c5)
(15. Qb3 $6 Bxh3 16. gxh3 Qxh3 17. Qd1 (17. Ne5 Rxe5 18. dxe5 Bxe5 19. c4 Bh2+
20. Kh1 Bf4+ 21. Kg1 Qh2+ 22. Kf1 Re8 23. Bf5 Bxe3 24. Rxe3 Qh1+ 25. Ke2 Rxe3+
26. fxe3 Qxa1 27. Qxb7 g5 $19) 17... Ng4 18. Bf1 Bh2+ 19. Kh1 Qh5 20. Kg2 Qg6
21. Kh1 Rxe3 22. fxe3 Nf2+ 23. Kxh2 Nxd1 24. Raxd1 f6 $15) (15. Nh2 Bxh3 16.
gxh3 Qxh3 17. Nf3 (17. Nf1 Re6 18. f3 Ne4 $19) 17... Ng4 18. Bf1 Bh2+ 19. Kh1
Qh5 20. Kg2 Qg6 21. Kh1 Rxe3 22. fxe3 Nf2+ 23. Kxh2 Nxd1 24. Raxd1 f6 {s.o.})
15... Bf5 16. a4 a5 $11) 14... Ne4 (14... Ng4 $1 15. Nf5 Bxf5 16. Bxf5 Nxe3 17.
fxe3 Rxe3 $17) 15. Qh5 $15 {Die schwierige Stelle ist überwunden, es erwacht
der Trickspieler...} Nf6 (15... Qf6 16. Rae1 $15) 16. Qf3 c6 17. Nf5 Bc7 18.
Rae1 Bxf5 (18... Ne4 19. Bf4 $11) 19. Bxf5 $14 Qd6 20. g3 Qd8 {(=)} 21. Bd3 (
21. Bd2 Qd6 $14) 21... Qd7 (21... Ne4 22. Bc1 $11) 22. Kg2 (22. Bxh6 Qxh3 23.
Bd2 Rab8 $14) 22... Bd8 (22... Ne4 $5 $11 23. Bf4 Re7 24. Re2 Bxf4 25. Qxf4 g5
26. Qc1 Rae8 27. Qc2 Qd6 $11) 23. Bf4 (23. Bf5 Qd6 $16) 23... Rxe1 24. Rxe1 Be7
25. g4 (25. Be5 Rf8 $16) 25... Re8 $14 26. Bf5 Qd8 27. Qg3 (27. Re3 Bd6 $14)
27... Bf8 $6 (27... Bd6 $1 28. Kf1 Rxe1+ 29. Kxe1 $11) 28. Bc7 $14 Qa8 29. f3 (
29. Rxe8 Qxe8 30. Qe5 Be7 $14) 29... Rxe1 $11 30. Qxe1 Qe8 {Endspiel! -
Tauschen oder nicht tauschen ? -} (30... Ne8 $5 31. Bg3 Bd6 $11) 31. Qxe8 $16
Nxe8 32. Bb8 Nd6 {(=)} 33. Bd7 $1 (33. Bxa7 Nxf5 34. gxf5 Bd6 $16) 33... a6 (
33... Nb5 34. a4 Bd6 35. axb5 Bxb8 36. bxc6 $14) 34. Kf2 $16 {Zuerst den
König zentrieren, der dem weissen Damenflügel gegen Springerweiderei
schützen soll.} (34. Bxd6 Bxd6 35. Bc8 Bf4 36. Bxb7 Bc1 37. b3 Bb2 38. Kf2
Bxc3 39. Ke3 f5 40. Bxc6 (40. gxf5 Kf7 41. Bxc6 Kf6 42. Bxd5 Kxf5 $13) 40...
fxg4 41. Bxd5+ Kf8 42. hxg4 Ke7 $13) 34... g5 (34... Nc4 35. Bc8 Bd6 36. Ba7
Nxb2 37. Ke2 $16) 35. Ke2 f6 (35... f5 36. Bxd6 Bxd6 37. Bc8 $16) 36. Bxd6 $18
Bxd6 37. Bc8 b6 38. Bxa6 c5 39. Bb7 cxd4 40. Bxd5+ Kf8 41. cxd4 (41. c4 $5 {
An diesem hatte ich überlegt; doch die Partiestellung erahnte ich als
gewonnen: der a-Bauer zieht Aufmerksamkeit auf sich, der weisse König dringt
ein-}) 41... Ke7 42. Kd3 (42. a4) 42... Kd7 (42... b5 43. Bc6 b4 44. Be4 $18)
43. Kc4 Bc7 (43... Bg3 44. Be4 $18) 44. Be4 (44. Kb5 Bd8 45. Be4 $18) 44... Kd6
$6 (44... Bf4 $18) 45. Kb5 Bd8 46. b4 Bc7 (46... f5 47. gxf5 Bf6 48. Kxb6 Bxd4+
49. Kb5 Bg7 $18) 47. a4 Bd8 48. a5 bxa5 (48... Kc7 49. axb6+ Kc8 $18) 49. bxa5
Kc7 50. a6 Kb8 51. Kc6 Ba5 52. Kd7 Bc3 53. d5 Bb4 54. Ke6 (54. Ke6 Ka7 55. d6
Kxa6 56. d7 $18) 1-0

[Event "VM Werder"]
[Site "?"]
[Date "2011.05.05"]
[Round "?"]
[White "JUNG, Gerald"]
[Black "KRABBE, Lars"]
[Result "1-0"]
[WhiteElo "1871"]
[BlackElo "1708"]
[Annotator "Gerald Jung"]
[PlyCount "39"]
[EventDate "2011.??.??"]

{Heuer gegen Lars -nach diversen Terminverschiebungen durch "Mr. IKEA"- KEINE
weitere Diskussion des Zweispringerspiels und auch keine weitere Klatsche
durch ihn (wie im Pokal, vergangenes Jahr...); sondern: ihn mit dem "Halloween
Gambit" komplett überrascht! - Auch er findet eine kreative sofortige
Figurenrückgabe (wie mein Gegner in der 1. Runde OBEM 2011) - im weiteren
Verlauf verknotet er seine Position aber derart, dass ich sehr leichtes Spiel
mit ihm habe ...} 1. e4 e5 2. Nf3 Nc6 3. Nc3 Nf6 4. Nxe5 Nxe5 5. d4 Qe7 $146 (
5... Ng6 6. e5 Ng8 7. f4 (7. Bc4 d6 8. Qf3 Qd7 9. O-O dxe5 10. dxe5 Nxe5 11.
Re1 Bd6 12. Bf4 f6 13. Rad1 Qe7 14. Bxe5 Bxe5 15. Bb5+ Kf8 16. Nd5 Qf7 17. Qa3+
Ne7 18. Nxe7 Bd6 19. Rxd6 cxd6 20. Qxd6 Bg4 21. Nc8+ Kg8 {Verhulst,N (1968)
-Tavernier,F (1816)/Roux 2009/EXT 2010/1-0}) 7... d5 (7... d6 8. Bc4 dxe5 9.
fxe5 Be6 10. Bxe6 fxe6 11. h4 Qd7 (11... Nxh4 12. Qh5+ Ng6 13. Qg4 Bb4 14. Rxh7
N8e7 $19) 12. Bg5 Be7 13. Be3 Bxh4+ 14. Rxh4 Nxh4 15. Qg4 Nf5 16. Bf2 Nge7 17.
O-O-O Nd5 18. Ne4 O-O-O 19. Nc5 Qc6 20. Rd3 b6 21. Ne4 Nb4 22. Rd2 {Marinescu,
M (2258)-Romcovici,V (2230)/Kishinev 2009/EXT 2010/0-1 (33)}) 8. Qf3 Bb4 9. g3
Bf5 10. Kd1 Bxc3 11. bxc3 Be4 12. Qg4 h5 (12... Bxh1 $19) 13. Qh3 Bxh1 14. f5
Bf3+ 15. Be2 Bxe2+ 16. Kxe2 Qd7 17. Bg5 f6 18. e6 Qb5+ 19. Kd2 N6e7 20. Bf4 {
Heemskerk,J-Loman,R/The Hague 1890/EXT 2001/0-1}) (5... Nc6 6. d5 Ne5 7. f4 Bb4
8. fxe5 Nxe4 9. Qg4 Nxc3 10. Qxb4 Nxd5 11. Qg4 g6 12. Bg5 f6 13. exf6 Nxf6 14.
Qe2+ Kf7 15. O-O-O Qe8 16. Qf3 Qe5 17. Bc4+ Kg7 18. h4 Rf8 19. Rde1 Qc5 20.
Rhf1 {Kwasnicki,A (1705)-Proczek,M/Polanica Zdroj 2009/CBM 132 Extra/1-0}) (
5... Ng6 $142 $5 6. e5 Ng8 $17) 6. dxe5 $14 Qxe5 7. f4 Qe6 (7... Qa5 8. Bd2 d6
9. Bb5+ Bd7 10. Bxd7+ Kxd7 11. e5 Re8 12. O-O dxe5 13. fxe5 Rxe5 14. Ne4 Qd5
15. Nxf6+ gxf6 16. Qg4+ f5 {1/2-1/2 Arakeljan,A (2351)-Brikov,I (2410)/Donskoj
2005/CBM 108 ext}) 8. Qd4 c6 (8... b6 9. Bc4 Bc5 10. Qd3 $14 Qg4 11. e5 Bb7 12.
exf6 Bxg2 13. Rf1 O-O 14. Qg3 Qxg3+ 15. hxg3 Rfe8+ 16. Ne2 Bxf1 17. Kxf1 gxf6
18. Bd2 c6 19. Bc3 Kg7 20. Bd3 h5 21. Nd4 Bxd4 22. Bxd4 c5 23. Bf2 d5 24. Kg2
Rad8 25. Kf3 d4 26. Rg1 Rh8 27. Re1 Rde8 28. Rh1 Re7 29. Rh4 Ree8 30. Bb5 Re7
31. g4 hxg4+ 32. Kxg4 Rxh4+ 33. Kxh4 Kg6 34. Kg4 f5+ 35. Kf3 f6 36. Bd3 Rh7 37.
Kg2 Rh8 38. Be1 Re8 39. Kf1 Rh8 40. Kg2 Re8 41. Bd2 Re7 42. Bc4 Re8 43. Kf3 Kg7
44. b4 Re7 45. bxc5 bxc5 46. a4 {1-0 Afromeev,V (2563)-Zaitsev,A (2410)/Tula
2005/EXT 2006}) 9. f5 (9. Be3 $5 $16) 9... Qd6 $11 10. Qf2 {Natürlich NICHT
die Damen tauschen !} Qe7 $6 (10... Qc7 $5 $11) 11. Bd3 $16 Ng4 $6 12. Qg3 Ne5
(12... h5 $5) 13. O-O {Eine grundsätzliche Entscheidung: Ich gebe gerne das
Läuferpaar auf, denn: wenn Schwarz mit seinem unterentwickelten
Königsflügel die Bauernwalze auf sich zu kommen sieht - wird er womöglich
lang rochieren ... -darauf lauern meine Figuren...} (13. Be2 $5 d6 $14) 13...
Nxd3 $6 (13... h5 14. h4 $5 $14 f6 15. Bf4 Nf7 $13) (13... f6 $5 14. Be2 $5 b6
15. Bh5+ Kd8 {Olaf Steffens würde hier Schwarz bevorzugen...?!}) 14. cxd3 {
Nun steht Schwarz überraschend schlecht - und Weiss hat das Problem, aus
vielen guten den besten Zug zu destillieren ?!} d6 (14... h5 15. Qf2 $16) 15.
d4 $1 {Die Dose gibt ein halbes Dutzend anderer Züge als besser, mir gefiel
jedoch das direkte Vorgehen der Walze als stringent, es tauchen nette Motive
mit Bauerndurchbrüchen über e4-e5 als auch d4-d5 auf-.} f6 (15... Bd7 16. Bf4
$16) 16. Bf4 {Nichts überstürzen, eher: weiter verstärken!} (16. e5 Qd8 $18
(16... d5 17. exf6 Qxf6 18. Bg5 Qxd4+ 19. Kh1 $18) (16... dxe5 17. dxe5 Qc5+
18. Kh1 fxe5 19. Be3 Qa5 20. Rad1 $18) 17. e6 d5 18. Bf4 $18) 16... Bd7 (16...
Qd8 17. Rad1 $18) 17. Rac1 (17. e5 O-O-O 18. e6 Be8 $18) 17... a6 $6 (17... Kf7
$142 $16) 18. Rfe1 $18 O-O-O $4 (18... Kf7 19. Na4 Kg8 $18) 19. Nd5 Qf7 (19...
h5 $18) 20. Bxd6 (20. Bxd6 Bxd6 21. Qxd6 Qxd5 22. exd5 $18) 1-0

[Event "rapid 20min Obervieland"]
[Site "?"]
[Date "2011.09.03"]
[Round "2"]
[White "JUNG, Gerald"]
[Black "CASJENS, Ingo"]
[Result "1-0"]
[WhiteElo "1880"]
[BlackElo "1591"]
[Annotator "Gerald Jung"]
[PlyCount "77"]
[EventDate "2011.??.??"]
[EventType "rapid"]

{Seltsam - spiele ich Halloween : geben die Gegner die Figur sofort zurück ...
} 1. e4 e5 2. Nf3 Nc6 3. Nc3 Nf6 4. Nxe5 Nxe5 5. d4 Nxe4 (5... Ng6 6. e5 Ng8 7.
Bc4 d5 8. Bxd5 c6 9. Bb3 Bb4 10. O-O Bxc3 11. bxc3 N8e7 12. Qh5 Be6 13. f4 Qd7
14. h3 Bxb3 15. axb3 Qf5 16. Qxf5 Nxf5 17. g4 Nfe7 18. f5 Nf8 19. c4 a6 20. Ba3
{Ravot,S (2276)-Fabre Massana,M (2151)/Barbera del Valles 2009/CBM 131 Extra/
1-0}) 6. Nxe4 Qh4 $4 $146 (6... Ng6 7. Qe2 Qe7 8. Bg5 f6 9. Bd2 d5 10. Ng3
Qxe2+ 11. Bxe2 Bd6 12. Nh5 Kf7 13. O-O-O Re8 14. Bf3 c6 15. h4 Bd7 16. g4 Kg8
17. Rdg1 Re7 18. Kd1 Rf7 19. Ng3 Ne7 20. Ne2 Re8 21. h5 {Vazquez Gonzalez,J 
(2050)-Lorenzo Bailador,A (2078)/Madrid 2010/CBM 134 Extra/1-0 (57)}) (6... Ng6
$5 $11) 7. Ng5 (7. Qe2 $142 d5 (7... Nc6 $4 8. Nf6+ Kd8 9. Qe8#) 8. Ng5 Be7 (
8... Qxd4 9. c3 $18 (9. f4 $6 Bb4+ $1 $13)) 9. Qxe5 f6 10. Bb5+ c6 11. Qxd5
fxg5 12. Bxc6+ bxc6 13. Qxc6+ Kf7 14. Qxa8 Bb4+ 15. c3 Re8+ 16. Be3 Bxc3+ 17.
bxc3 Rxe3+ 18. Kf1 Rxc3 19. Qxa7+ Kg8 $18) 7... Nc6 $2 (7... h6 $142 8. g3 Qg4
$16) 8. Be3 $18 d6 $4 (8... Nb4 9. c4 Be7 $18) 9. Be2 {droht Damenfang...} Nxd4
(9... Be7 10. g3 Qxg5 11. Bxg5 Bxg5 12. O-O $18) 10. Qxd4 (10. g3 $142 Qh6 11.
Qxd4 Qf6 12. Qe4+ Be7 13. Bb5+ Bd7 14. Qxb7 Rd8 $18) 10... Qxd4 11. Bxd4 Be7 (
11... f6 12. Nf3 $18) 12. Nf3 (12. Bxg7 $6 Rg8 13. Bd4 Rxg5 $14) 12... c5 (
12... O-O 13. O-O-O $18) 13. Bc3 Bf5 (13... O-O 14. O-O-O $18) 14. O-O-O (14.
Bxg7 $6 Rg8 15. Bc3 Rxg2 16. Bb5+ Kd8 $18) 14... O-O-O 15. h3 (15. Rhe1 Be6 $18
) 15... Be6 16. g4 (16. Rhe1 d5 $18) 16... f6 (16... h5 17. g5 Rhg8 18. Rhe1
$18) 17. b3 (17. Rhe1 $142 Rde8 $18) 17... d5 18. Rde1 (18. Ba5 Rdf8 $18) 18...
d4 19. Bd2 {[%cal Yg4g5]} Bd5 20. Rhg1 {[%cal Yg4g5]} Bd6 21. g5 Rhe8 (21... f5
22. Nh4 g6 23. Bf3 Bxf3 24. Nxf3 $18) 22. Bd1 (22. Nh4 $142 Bh2 23. Rg4 fxg5
24. Rxg5 Rd7 $18) 22... Be7 (22... f5 23. Rxe8 Rxe8 24. c3 $18) 23. h4 (23.
gxf6 $142 Bxf6 24. Ng5 Rxe1 25. Rxe1 Rh8 26. Bg4+ Kc7 $18) 23... Rd6 (23... b6
24. h5 $18) 24. Bf4 (24. gxf6 $142 gxf6 25. Rg7 Re6 26. Rxe6 Bxe6 27. Rxh7 Bg8
$18) 24... Ra6 25. Kb1 (25. Be2 $142 Bd6 26. Bxd6 Rxd6 $18) 25... b5 (25... Kd8
26. g6 h6 27. Nd2 $18) 26. Nd2 f5 (26... Kd8 27. Be2 Rb6 28. Bd3 $18) 27. Bf3 (
27. Re5 Bg8 28. Rge1 Kd7 29. Rxf5 Re6 $18) 27... Bf7 (27... Be6 28. Be2 c4 29.
bxc4 $18) 28. Re5 g6 (28... Kd7 29. Rxf5 Be6 $18) 29. Rge1 Kd7 30. Be2 (30. Bd5
$142 Bxd5 31. Rxd5+ Kc8 32. Rxc5+ Bxc5 33. Rxe8+ Kd7 34. Rh8 $18) 30... Bd6 (
30... Rb6 $18) 31. Bxb5+ Kd8 32. Rxe8+ Bxe8 33. Rxe8+ Kc7 34. Bxd6+ $1 {
gute Technik!- nach} (34. Bxa6 Bxf4 {kann Schwarz noch einige muntere Züge
spielen - und in unserem Turnierformat (20min auf mechanischen Uhren) war mir
die Partiefortsetzung einfach zwingender.}) 34... Rxd6 35. Nc4 Rd8 36. Re7+ Kb8
(36... Kc8 37. Ne5 Rd6 38. Nc6 Rd7 39. Nxa7+ Rxa7 40. Rxa7 d3 41. cxd3 f4 42.
Rxh7 f3 43. h5 gxh5 44. g6 c4 45. dxc4 Kd8 46. Rd7+ Ke8 47. g7 h4 48. g8=Q#)
37. Na5 Rd6 38. Nc6+ Kc8 (38... Rxc6 39. Bxc6 a6 40. Rxh7 Kc8 41. h5 gxh5 42.
g6 d3 43. cxd3 c4 44. dxc4 Kd8 45. Rd7+ Ke8 46. g7 h4 47. g8=Q#) 39. Ba6# 1-0

[Event "VM Werder"]
[Site "?"]
[Date "2014.02.13"]
[Round "9"]
[White "JUNG, Gerald"]
[Black "EROFEEV, Anastassia"]
[Result "1-0"]
[WhiteElo "1853"]
[BlackElo "1712"]
[Annotator "Gerald Jung"]
[PlyCount "61"]
[EventDate "2014.01.02"]

{HALLOWEEN} 1. e4 e5 2. Nf3 Nc6 3. Nc3 Nf6 4. Nxe5 Nxe5 5. d4 d6 $3 {Werde ich
gleich im DESC-Thematurnier ausprobieren ...} (5... Nc6 6. d5 Ne5 7. f4 Ng6 8.
e5 Ng8 9. d6 cxd6 10. exd6 Qb6 11. Nb5 Kd8 12. Qf3 Bxd6 13. Be3 Bc5 14. Bxc5
Qxc5 15. O-O-O Nh6 16. Nd6 Kc7 17. Bc4 Nf5 18. Nxf5 Qxf5 19. Rd4 d6 20. Rhd1 {
Klepaczka,T (2240)-Bulski,K (2549)/Warsaw 2012/EXT 2014/1-0}) (5... Ng6 6. e5
Ng8 7. Bc4 Bb4 8. Qf3 Bxc3+ 9. bxc3 Qe7 10. h4 Nxe5 11. dxe5 Qxe5+ 12. Kf1 Qf6
13. Qg3 d6 14. Bg5 Qg6 15. Re1+ Kf8 16. Qf3 f6 17. Bf4 Qg4 18. Qd5 Qd7 19. Bb5
Ne7 20. Qb3 {Estrada Zeta,E-Navarro Cruz,B/Piura 2013/CBM 155 Extra/1-0}) 6.
dxe5 dxe5 7. Qxd8+ $146 (7. Bd3 Bc5 8. Bg5 c6 9. Qe2 h6 10. Bh4 Qe7 11. O-O-O
Bd4 12. Nb1 b5 13. f3 Be6 14. Bxb5 cxb5 15. Rxd4 exd4 16. e5 Bf5 17. Re1 O-O
18. exf6 Qxe2 19. Rxe2 Rfe8 20. Rxe8+ Rxe8 21. Kd2 g5 {Navarrete Mendez,G 
(2146)-Georgiev,V (2532)/Merida 2006/CBM 115 ext/0-1}) (7. Bg5 Be6 $132) 7...
Kxd8 8. Bg5 (8. Bc4 $5) (8. Be3 $5) 8... Be7 (8... c6 9. Bc4 $11) 9. O-O-O+ (9.
Bc4 Be6 10. Bxe6 fxe6 11. Rd1+ Bd6 $14) (9. Rd1+ $5) 9... Bd7 (9... Ke8 10. Nb5
Bd8 11. Bd3 $14) (9... Ke8 10. Nb5 Bd8 $13) 10. Bc4 Rf8 11. Rd2 h6 (11... Ke8
12. Rhd1 Rd8 13. f3 $14) 12. Bxf6 $16 (12. Bh4 g5 13. Bg3 Bd6 14. Rhd1) 12...
gxf6 $2 {Danach kann Schwarz eigentlich schon aufgeben-mein Hauptplan am Brett
war nun, die Türme via f3-f5 hach h3 + h5 zu bringen und eine offenkundige
Gewinnstellung herzustellen.} (12... Bxf6 13. Nd5 (13. h4 $5 Ke8 14. Nd5 Bd8
15. Rhd1 $5 Be6 16. g3 c6 17. Ne3 Ba5 18. c3 Rd8 19. Bxe6 fxe6 20. Nc4 Rxd2 21.
Kxd2 Bc7 22. Ke2 $14) 13... Bg5 14. f4 $1 exf4 15. h4 $16 Be7 16. e5 $1 $16 b5
17. Rhd1 bxc4 18. Nxc7 Kxc7 19. Rxd7+ Kb6 20. Rxe7 $16 {...aber sicher sehr
schwer zu verwerten ?!}) 13. Rhd1 Bd6 14. Nd5 Be6 (14... Rc8 15. Nxf6 Be6 16.
Nd5 $16) 15. Nxc7 $1 $18 Kxc7 (15... Kxc7 16. Rxd6) (15... -- $140 16. Nxe6+) (
15... Bxc4 16. Nxa8 $18) 16. Bxe6 Rad8 (16... fxe6 17. Rxd6 Rae8 (17... Rad8 $2
18. Rxd8 Rxd8 19. Rxd8 Kxd8 20. Kd2 $18) 18. Rd7+ Kb6 19. R1d6+ Kc5 20. Rd3 $18
) 17. Bd5 $18 {Das "Gespenst" Remistendenz durch ungleichfarbige Läufer zieht
nicht : der weisse Läufer greift an und schirmt die eigenen Türme vor
Abtausch ab. Und der weisse Hauptplan gegen den schwarzen h-Bauern geht munter
weiter !} Be7 (17... Bc5 18. Rd3 $18) 18. Rd3 Rg8 (18... Rd7 19. Kd2 $18) 19.
g3 Rgf8 20. Rc3+ Kb8 21. Rf3 Rd7 22. Rdd3 (22. Rf5 Bd8 $18) 22... Rc7 (22... a6
23. Rf5 $18) 23. Rb3 Rfc8 (23... a6 24. c4 $18) 24. c3 Rf8 25. Rf5 Bd8 26. Rh5
Rh8 27. Kd1 Rd7 (27... Rh7 28. Ke2 $18) 28. Ke2 Bb6 (28... b6 29. c4 $18) 29.
c4 Bd8 (29... Rh7 30. Rf5 $18) (29... Bd4 30. Rf3 Bxb2 (30... Rd6 31. b4) 31.
Rxf6 $18) 30. Rf3 (30. g4 Rg8 $18) 30... Rh7 31. Rff5 {Damit hatte ich 7 aus 9
und den 2. Platz der Vereinsmeisterschaft ! (9 aus 9 : Olaf Steffens )} 1-0

[Event "T0263"]
[Site "www.desc-online.de"]
[Date "2014.02.21"]
[Round "?"]
[White "HIRSCHEIDER, Helmut"]
[Black "JUNG, Gerald"]
[Result "1/2-1/2"]
[WhiteElo "2039"]
[BlackElo "2069"]
[Annotator "Gerald Jung"]
[PlyCount "30"]
[EventDate "2014.02.21"]
[EventType "corr"]

1. e4 e5 2. Nf3 Nc6 3. Nc3 Nf6 4. Nxe5 Nxe5 5. d4 Nc6 6. d5 Ne7 $5 (6... Na5 $6
{[%emt 0:00:12] Bei KEISER S.} 7. e5 (7. a3 $5) 7... Qe7 8. Qe2 Ng8 9. Nb5 Kd8
10. Nxc7 $1 $18) 7. e5 $5 Nfxd5 $5 (7... Nfg8 $5 8. d6 $5 c6 $1 9. dxe7 Nxe7 (
9... Qxe7 $5) 10. Bc4 $14) 8. Nxd5 d6 $5 (8... c6 $5 {Komodo32 Version 4-c2:1)}
9. Ne3 ({Komodo32 Version 4-c2:2)} 9. Nc3 Ng6 10. f4 d6 11. exd6 Qxd6 12. g3
Bf5 13. Qe2+ Be7 14. Bg2 O-O 15. O-O Rfe8 16. Ne4 Qd4+ 17. Be3 Qxb2 18. Rfb1
Qa3 19. Rxb7 Bxe4 20. Bxe4 Bf6 21. Bxg6 Rxe3 22. Bxf7+ Kh8 23. Qf1 Bxa1 {
[%eval -29,18]}) ({Komodo32 Version 4-c2:3)} 9. Nxe7 Qa5+ 10. c3 Qxe5+ 11. Be3
Bxe7 12. Bd3 O-O 13. O-O d5 14. Re1 Qc7 15. Bf4 Bd6 16. Bg3 Be6 17. Bc2 g6 18.
Bxd6 Qxd6 19. Qd4 c5 20. Qf6 d4 {[%eval -37,18]}) 9... Ng6 (9... Qa5+ 10. c3
Qxe5 11. Bd3 d5 12. O-O $13 Be6 13. Re1 O-O-O 14. Qa4 Kb8 $6 15. Nc2 $14) 10.
Nc4 Nxe5 11. Nd6+ Bxd6 12. Qxd6 f6 13. Be3 Nf7 14. Qb4 Qe7 $13) 9. Bc4 {
Critter 1.6a 32-bit: 1)} (9. exd6 Nxd5 10. Qxd5 Qxd6 $5 11. Bc4 Be6 $5 (11...
Qxd5 12. Bxd5 c6 13. Bb3 Bc5 14. O-O O-O $11) 12. Qxd6 (12. Qxb7 Qb4+ 13. Qxb4
Bxb4+ 14. c3 Bxc3+ 15. bxc3 Bxc4 $15) 12... Bxd6 (12... cxd6 $6 13. Bb5+ (13.
Bxe6 $6 fxe6 $15) 13... Kd8 14. Be3 $14) 13. Bxe6 fxe6 $11) 9... Be6 ({Critter
1.6a 32-bit: 2)} 9... Ng6 10. exd6 Bxd6 11. Qe2+ Be6 12. Nc3 Qe7 13. Bxe6 Qxe6
14. Qxe6+ fxe6 15. O-O O-O 16. Re1 Be5 17. Ne4 Rad8 18. Nc5 Bd4 19. Nd3 e5 20.
Bg5 Rd6 21. Rad1 {[%eval 8,20]}) ({Critter 1.6a 32-bit: 3)} 9... c6 10. Nxe7
Bxe7 11. exd6 Bxd6 12. Qe2+ Qe7 13. Qxe7+ Bxe7 14. Be3 O-O 15. O-O-O Bf5 16.
Rhe1 a6 17. f3 b5 18. Bb3 Rae8 19. g4 Be6 20. Bxe6 fxe6 21. f4 Rd8 22. Rxd8
Rxd8 {[%eval 16,20]}) 10. exd6 Nxd5 11. Bxd5 Qxd6 12. Bxe6 Qxe6+ 13. Qe2 Bb4+
14. c3 Qxe2+ (14... Bc5 15. Qxe6+ fxe6 16. Ke2 O-O-O 17. Bf4 Rd5 18. Bg3 Rf8
19. Rhd1 a5 20. c4 Rdf5 21. f3 Kb8 {[%eval -5,21]}) 15. Kxe2 Bd6 {(=) Am 27.3.
14: "Hallo Gerald! Danke für die Partie, und weiterhin noch viel Erfolg.
**************** 0.5 - 0.5 Ich akzeptiere Remis! Gruß Helmut"} 1/2-1/2